00681cam a22002173a 450000100060000000300060000600500170001200800410002904000150007004200070008505000090009210000360010124500810013726000290021850600300024751600200027765300510029765300440034883000290039285600420042124741PGUSA20140828083531.0080303s2008||||xxu|||||s|||||000 | eng d aPGUSAbeng adc 4aE2011 aDrake, Samuel Adams,d1833-190514aThe Campaign of Trenton 1776-77h[electronic resource] /cSamuel Adams Drake bProject Gutenberg,c2008 aPublic domain in the USA. aElectronic text aNew Jersey -- History -- Revolution, 1775-1783 aTrenton, Battle of, Trenton, N.J., 1776 0aProject Gutenbergv2474140uhttp://www.gutenberg.org/ebooks/24741